000 00665cam a22002053a 4500
001 44645
003 PGUSA
005 20140828084023.0
008 140111s2014||||xxu|||||s|||||000 | eng d
040 _aPGUSA
_beng
042 _adc
100 1 _aCollier, Jeremy
245 1 2 _aA Short View of the Immorality, and Profaneness of the English Stage :
_btogether with the Sense of Antiquity on this Argument
_h[electronic resource] /
_cJeremy Collier
260 _bProject Gutenberg,
_c2014
506 _aPublic domain in the USA.
516 _aElectronic text
830 0 _aProject Gutenberg
_v44645
856 4 0 _uhttp://www.gutenberg.org/ebooks/44645
942 _cEB
999 _c273896
_d273896